000 00839nam a2200205 i 4500
001 105362
003 ES-MaACL
005 20230906183846.0
007 t|
008 060629s1970 pr ||||1| spa d
080 _a81'374(063)
111 2 _aCongreso Hispanoamericano de Lexicografía (
_n1º.
_d1969.
_cSan Juan de Puerto Rico)
_9386
245 1 0 _aMemorias del Primer Congreso Hispanoamericano de Lexicografía
_b: actas, resoluciones, informes, discursos: 26 noviembre - 5 diciembre, San Juan de Puerto Rico.
260 _aSan Juan de Puerto Rico :
_b[s.n.,
_c1970]
300 _a394 p. ;
_c24 cm.
500 _aPrecede al tit.: Academia Puertorriqueña de la Lengua.
650 1 4 _aLexicografía-
_vCongresos y asambleas.
_914375
710 2 _aAcademia Puertorriqueña de la Lengua.
_91219
852 _aES-MaACL
_jF-9628
_bR.137710
999 _c105362
_d105362